| 000 | 00486nam a2200181Ia 4500 | ||
|---|---|---|---|
| 001 | 25294 | ||
| 005 | 20260414151140.0 | ||
| 008 | 260414t2021||||xx |||||||||||||| ||spa|| | ||
| 041 | _aESP | ||
| 082 |
_a346.44 _bA66 |
||
| 100 |
_aArámbulo Champi, Miguel _eAUT |
||
| 245 | 0 |
_aLa prescripción adquisitiva de dominio en la jurisprudencia de la Corte Suprema _b |
|
| 260 | _c2021 | ||
| 300 |
_a302 páginas : _c25 cm. |
||
| 650 | _aDER | ||
| 654 | _aCDE | ||
| 942 |
_cLIB _dJUS _fJUS _2ddc _n |
||
| 999 |
_c25294 _d25294 |
||